000 01048nam0a2200289 4500
001 RU\NLR\BIBL_A\012184356
005 20260406060652.0
035 _a(NLR Aleph) 012184356
090 _a13299526
_c13299526
100 _a20200123d1958 |||y0rusy50 ca
101 0 _achv
_brus
_cchi
102 _aRU
105 _ac z 000 y
181 0 _ai
_baxxe
182 0 _an
200 1 _aВунсакӑр сӑвӑ
_fМао Цзэ-дун
_g[пер. П. П. Хузангай]
203 _aТекст
_bвизуальный
_cнепосредственный
210 _aШупашкар
_cЧӑваш АССР Гос. Изд-ви
_d1958
215 _a30, [2] с.
_d18
541 1 _aВосемнадцать стихотворений
_zrus
686 1 _aШ6(2=Чув)-92(5Ки)-5
700 0 _4070
_8rus
_7ca
_aМао Цзэдун
_f1893-1976
_3RU\NLR\AUTH\7710849
_9120613
702 1 _4070
_8rus
_7ca
_aХузангай
_bП.
_f1907-1970
_gПедер
_3RU\NLR\AUTH\7775883
_958811
852 _aNLR
_bОНЛ
_jЧув./2-1768
942 _cBOOK
980 _aNB